Centra Handlowe w Polsce - Statystyki

Ogólne statystyki
  • Ten quiz został rozwiązany 47 razy
  • Średni wynik to 5 z 20
Statystyki odpowiedzi
Miasto Powierzchnia użytkowa w m.kw. Odpowiedź % Poprawnych
Łódź 270000 Manufaktura
83%
Poznań 100000 Posnania
53%
Warszawa 287000 Westfield Arkadia
43%
Warszawa 66000 Złote Tarasy
33%
Łódź 127000 Port Łódź
30%
Katowice 86000 Silesia City Center
27%
Kraków 60000 Galeria Krakowska
23%
Warszawa 158000 Blue City
20%
Wrocław 100000 Magnolia Park
20%
Gdynia 70000 Riviera
20%
Kraków 91000 Bonarka City Center
17%
Lublin 75000 Felicity
13%
Kielce 70000 Galeria Echo
13%
Gliwice 67000 Europa Centralna
10%
Warszawa 82000 Galeria Młociny
10%
Warszawa 126000 Westfield Mokotów
10%
Gdańsk 62000 Forum Gdańsk
7%
Opole 70000 Karolinka
7%
Warszawa 73000 Wola Park
7%
Warszawa 64000 Galeria Północna
3%
Nie znaleziono quizów pasujących do podanych kryteriów
Rozkład punktacji
Procent ludzi z każdym wynikiem
Percentyl według liczby udzielonych odpowiedzi
Twoja historia wyników
Nie rozwiązałeś tego quizu